• 首页
  • 本馆介绍
  • 公告通知
  • 最新文献
  • 馆藏检索
  • 电子资源
  • 读者导购
  • 参考咨询
  • 我的图书馆
  • 登录
  • 详细信息显示
  • 放入我的书架
  • 预约/预借图书
  • 作者相关作品
  • 分类相关作品
  • 丛书相关作品
  • 出版社相关作品

书目信息

  • 表格格式
  • 工作单格式
  • 卡片格式
题名:
化学键的本质兼论分子和晶体的结构
    
 
作者: 鲍林 著
分册:  
出版信息: 上海   上海科学技术出版社  1966.12
页数: 626页
开本: 20cm
丛书名:
单 册:
中图分类: O641.1
科图分类:
主题词: 物理化学 , 量子化学
电子资源:
ISBN:
000 00746nam0 2200229 45
001 0405211091
005 20040521110012.2
010    @dCNY2.25
091    @a13119.693
100    @a20040521d1966 km y0chiy0120 ea
101 0  @achi
105    @a z 000yy
200 1  @a化学键的本质兼论分子和晶体的结构@AHua Xue Jian De Ben Zhi Jian Lun Fen Zi He Jing Ti De Jie Gou@e现代结构化学导论@EXian Dai Jie Gou Hua Xue Dao Lun@f(美)鲍林著@F(Mei)Bao Lin Zhu
210    @a上海@c上海科学技术出版社@d1966.12
215    @a626页@d20cm
517    @a现代结构化学导论@AXian Dai Jie Gou Hua Xue Dao Lun
606 0  @a物理化学
606 0  @a量子化学
690    @aO641.1@v3
701  0 @a鲍林@4著
801    @aCN@bPftUser@c20040521
905    @f1@b54890@dO641.1@e52
    
    化学键的本质兼论分子和晶体的结构:现代结构化学导论/(美)鲍林著.-上海:上海科学技术出版社,1966.12
    626页;20cm
    
    
    ISBN :CNY2.25
    
●
相关链接 在E读中查询图书 在五车中查询图书 在当当中查询图书 在豆瓣中查询图书


正题名:化学键的本质兼论分子和晶体的结构     索取号:O641.1/52         预约/预借

序号 登录号 条形码 馆藏地/架位号 状态 备注
1 0054890   000342533   第三借阅区/ [索取号:O641.1/52] 在馆    
2 0054891   001938899   第三借阅区/ [索取号:O641.1/52] 在馆    
3 0096585   001939184   第三借阅区/ [索取号:O641.1/52] 在馆    
4 0096586   202104739   第二样本阅览室/ [索取号:O641.1/52] 在馆    
唐山师范学院图书馆 欢迎您!
大连网信软件有限公司© 版权所有